00249nam a22000857a 4500008004100000082002000041245005700061260003700118300000800155230621b xxu||||| |||| 00| 0 eng d a328.3bCPA 1989 aReport of the Commonwealth Parliamentary Association aZimbabwebParliament of Zimbabwe a39p